Biblioteca

The inspiration and interpretation of scripture (Registro nro. 64851)

Detalles MARC
000 -LÍDER
Campo fijo de descripción fija 01329cam a2200361 i 4500
001 - NÚMERO DE CONTROL
Campo de control 857981037
003 - IDENTIFICADOR DEL NÚMERO DE CONTROL
Campo de control OCoLC
005 - FECHA Y HORA DE LA ULTIMA TRANSACCIÓN
control field 20190227132529.0
008 - ELEMENTOS DE LONGITUD FIJA -- INFORMACIÓN GENERAL
Campo fijo de descripción fija -- Información general 131029s2014 miu g b 001 0 eng
010 ## - NÚMERO DE CONTROL DE LA BIBLIOTECA DEL CONGRESO
Número de control LC 2013029794
020 ## - NÚMERO INTERNACIONAL NORMALIZADO PARA LIBROS
Número Internacional Normalizado del libro 0802869637
020 ## - NÚMERO INTERNACIONAL NORMALIZADO PARA LIBROS
Número Internacional Normalizado del libro 9780802869630 (pbk.)
024 8# - OTHER STANDARD IDENTIFIER
Número normalizado o códig 40023414829
040 ## - FUENTE DE CATALOGACIÓN
Agencia de catalogación original DLC
Idioma de catalogación spa
Convenciones de la descripción rda
Agencia que realiza la transcripción CO-MdFUSB
Agencia que realiza la modificación BTCTA
-- BDX
-- IMC
-- TLE
-- WIO
-- YDXCP
-- CHVBK
-- UWT
-- OCLCO
-- YUS
041 ## - CÓDIGO DE IDIOMA
Código de idioma para texto/pista de sonido o título separado eng
042 ## - AUTHENTICATION CODE
Authentication code pcc
082 ## - NÚMERO DE CLASIFICACIÓN DECIMAL DEWEY
Número de la edición del Dewey 24
Número de clasificación G 220.13
Clave de autor-Numero de item G776i
100 1# - ASIENTO PRINCIPAL--NOMBRE PERSONAL
Nombre personal Graves, Michael,
Fechas asociadas con el nombre 1973-
Término relacionador autor
245 14 - TÍTULO
Título del Material The inspiration and interpretation of scripture
Parte restante del título - Subtitulo : what the early church can teach us
Mención de responsabilidad, etc. / Michael Graves.
264 #1 - PRODUCCIÓN, PUBLICACIÓN, DISTRIBUCIÓN, MANUFACTURA, Y COPYRIGHT
Lugar de producción, publicación, distribución, manufactura Grand Rapids, Michigan ;
-- Cambridge, U.K. :
Nombre del productor, publicador, distribuidor William B. Eerdmans Publishing Company,
Fecha de producción, publicación, distribución, manufactura, o copyright ℗2014.
264 #4 - PRODUCCIÓN, PUBLICACIÓN, DISTRIBUCIÓN, MANUFACTURA, Y COPYRIGHT
Fecha de producción, publicación, distribución, manufactura, o copyright ©2014
300 ## - DESCRIPCIÓN FÍSICA
Extensión viii, 201 páginas ;
Dimensiones 23 cm.
336 ## - TIPO DE CONTENIDO
Fuente rdacontent.
Término de tipo de contenido texto
Código de tipo de contenido txt
337 ## - TIPO DE MEDIO
Fuente rdamedia.
Nombre del tipo de medio sin mediación
Código del tipo de medio n
338 ## - TIPO DE SOPORTE
Fuente rdacarrier.
Nombre del tipo de soporte volumen
Código Tipo de soporte nc
501 ## - NOTA DE “CON”
Nota de Contenido Incluye índices (páginas 182- 201)
505 0# - NOTA DE CONTENIDO
Nota de contenido con formato preestablecido Introducción -- Utilidad -- La dimensión espiritual y sobrenatural -- Modo de expresión -- Historicidad y factualidad -- Acuerdo con la verdad -- Conclusiones
630 07 - TITULO UNIFORME
Título uniforme Biblia
Subdivisión de materia general Canon
650 #0 - ASIENTO SECUNDARIO DE MATERIA - TERMINO TEMÁTICO
Término temático o nombre geográfico como elemento de entrada Inspiración
9 (RLIN) 1075
942 ## - TIPO DE MATERIAL (KOHA)
Tipo de Item KOHA Libros General
Existencias
Estado de Material Estado de Perdido Forma de Clasificación Estado de Dañado No para Préstamo Colección Biblioteca de Origen Biblioteca Permanente Fecha de Adquisición Total de Préstamos Signatura Topográfica Código de Barras Última vez visto Última vez Préstado Ejemplar/Existencia Fecha de Remplazo Tipo de Material
    Dewey Decimal Classification     Colección General Biblioteca FUSBC Biblioteca FUSBC 26/02/2019 1 G 220.13 G776i 13633 21/05/2022 05/05/2022 Ej. 1 26/02/2019 Libros General

Biblioteca FUSBC | Teléfono: (57+4) 349 88 10 Ext. 141| WhatsApp (+57) 3005338115 
E-mail: biblioteca@unisbc.edu.co | Calle 76 87-14 Robledo Palenque, Medellín, Colombia

Con tecnología Koha